000
00378nam a2200145Ia 4500
008
090122s9999 xx 000 0 und d
082
_b
8193
_a
891.4684
100
_a
राऊत
_b
संजय
245
_a
गरुड नजर
600
_a
राऊत
630
_a
गरुड नजर
700
_a
राऊत
730
_a
गरुड नजर
942
_c
BOOK
999
_c
32270
_d
32270